आम्हीच शहाणे (Record no. 493943)

MARC details
000 -LEADER
fixed length control field 00509nam a22001817a 4500
003 - CONTROL NUMBER IDENTIFIER
control field OSt
005 - DATE AND TIME OF LATEST TRANSACTION
control field 20120302151155.0
008 - FIXED-LENGTH DATA ELEMENTS--GENERAL INFORMATION
fixed length control field 091005t xxu||||| |||| 00| 0 eng d
035 ## - SYSTEM CONTROL NUMBER
System control number १४८८१
040 ## - CATALOGING SOURCE
Transcribing agency मराठी
100 ## - MAIN ENTRY--PERSONAL NAME
Personal name गडकर, रेचल
9 (RLIN) 9145
222 ## - KEY TITLE
Key title नाटक
245 ## - TITLE STATEMENT
Title आम्हीच शहाणे
250 ## - EDITION STATEMENT
Edition statement १ ली
260 ## - PUBLICATION, DISTRIBUTION, ETC. (IMPRINT)
Place of publication, distribution, etc मुंबई
Name of publisher, distributor, etc त्रिदल
Date of publication, distribution, etc १९९०
300 ## - PHYSICAL DESCRIPTION
Other physical details २० पाने
942 ## - ADDED ENTRY ELEMENTS (KOHA)
Source of classification or shelving scheme Dewey Decimal Classification
Koha item type Book
Holdings
Withdrawn status Lost status Source of classification or shelving scheme Damaged status Not for loan Home library Current library Date acquired Cost, normal purchase price Total Checkouts Full call number Barcode Date last seen Price effective from
    Dewey Decimal Classification     Dr. Bedekar Vidya Mandir Library Dr. Bedekar Vidya Mandir Library 10/05/2009 0.00   M891.462/GAD 14881 03/19/2010 03/19/2010